北京地铁13号线地铁站 - Statistics

General Stats
  • This quiz has been taken 18 times
  • The average score is 14 of 17
Answer Stats
Transfers Stations % Correct
2号线 首都机场线 东直门
100%
昌平线 西二旗
100%
2号线 4号线 西直门
100%
8号线 霍营
88%
回龙观
88%
五道口
88%
15号线 望京西
82%
5号线 立水桥
82%
上地
82%
10号线 知春路
82%
大钟寺
82%
10号线 芍药居
76%
龙泽
76%
昌平线 清河站
76%
北苑
71%
柳芳
65%
光熙门
65%
No matching quizzes found
Score Distribution
Percent of People with Each Score
Percentile by Number Answered
Your Score History
You have not taken this quiz